Crisis situations the municipal team management approach crisis - overview of the problem

Bibliographic Details
Main Authors: Krauz, Antoni (Author), Olak, Antoni (Author)
Format: Article
Language:Slovak
English
PhysicalDescription:Obr.
ISSN:1336-8885
Subjects:
Online Access:http://search.proquest.com/docview/1223516798?accountid=58905

MARC

LEADER 00000nab a2200000 a 4500
001 vtls010483120
003 SK-MaSNL
005 20260304195349.0
008 250507 2013 xo 000 0 slo
015 |a SNBRB2013/01  |2 lmaosk 
035 |a (uuid)bb4650c5-e5f2-49dd-88b1-ae57185a1490 
035 |a urn:nbn:sk:snk-ababox 
035 |a (urnnbn)urn:nbn:sk:snk:ar-a0ak80 
040 |a SNKBUCL  |b slo  |c SNKBUCL  |e AACR2 
041 0 |a eng 
044 |a xo  |c SK 
080 |a 316.454.7  |2 1981 
100 1 |a Krauz, Antoni  |4 aut  |9 834646 
245 1 0 |a Crisis situations the municipal team management approach crisis - overview of the problem  |c Antoni Krauz, Antoni Olak 
300 |b Obr. 
500 |a Biogr. údaje 
504 |a Bibliogr. odkazy 
546 |a Res. angl. 
650 0 7 |a krízové situácie  |2 SNKPH  |9 1563 
650 0 7 |a rizikové faktory  |2 lmaosk  |9 369994 
650 0 7 |a skupinová dynamika  |2 lmaosk  |9 1033260 
650 0 7 |a koordinácia  |2 lmaosk  |9 49821 
650 0 7 |a Mission activities  |2 SNKPHeng  |9 266633 
650 0 7 |a Cooperation  |2 SNKPHeng  |9 274391 
700 1 |a Olak, Antoni  |4 aut  |9 487091 
773 0 |t Science & Military  |g Roč. 7, č. 1 (2012), s. 43-49  |x 1336-8885 
850 |a Slovenská národná knižnica 
852 |a Slovenská národná knižnica 
856 4 1 |u http://search.proquest.com/docview/1223516798?accountid=58905 
958 |a article14 
958 |a NB 
958 |a OND 
958 |a EUIPO 
999 |c 3081113  |d 3083043